000 00482 a2200157 4500
005 20250314141144.0
020 _a81-219-0345-9
082 _a510.246 DAS
100 _aDASS, H.K.
245 _aAdvanced Engineering Mathematics
250 _a21st Ed.
260 _aNew Delhi - India
_bS. Chand & Company PVT. Ltd.
_c2013
300 _axvi, 1358p., ill., tables
_bIndex
_c25cm.
856 _yAccess Online Book
_fAdvanced Engineering Mathematics
_dwww.schandgroup.com
942 _2ddc
_cBKS
999 _c639
_d639